[Event "Tournoi Skype 031B"]
[Site "Skype"]
[Date "????.??.??"]
[Round "7.37"]
[White "Ibanez, Bittor"]
[Black "Conde, Ramon"]
[Result "0-1"]
[WhiteElo "1047"]
[BlackElo "1186"]
[PlyCount "40"]

1. e4 e6 2. d4 d5 3. Nc3 dxe4 4. Nxe4 Bd7 5. Nf3 Bc6 6. Bg5 f6 7. Bf4 Bxe4 8.
Nd2 Bg6 9. Nb3 Nc6 10. Qf3 Bd6 11. Bxd6 Qxd6 12. O-O-O O-O-O 13. Bb5 Nge7 14.
Rhe1 a6 15. Bc4 Bf7 16. Nc5 Nd5 17. Ne4 Qe7 18. Nc5 Rhe8 19. Qb3 Na5 20. Qa3
Nxc4 0-1

[Event "Tournoi Skype 031B"]
[Site "Skype"]
[Date "????.??.??"]
[Round "7.38"]
[White "Vargas, Elvin"]
[Black "Conde, Abigail"]
[Result "1-0"]
[WhiteElo "1000"]
[BlackElo "1177"]
[PlyCount "71"]

1. e4 c5 2. Nf3 e6 3. Nc3 Nc6 4. d4 Be7 5. d5 exd5 6. Nxd5 d6 7. Bg5 Bxg5 8. h4
Bh6 9. Nd2 Ne5 10. Qe2 a6 11. O-O-O b5 12. g4 Bxg4 13. Qe1 Bf3 14. Bh3 Qa5 15.
Kb1 c4 16. Nxf3 Nxf3 17. Qxa5 Nf6 18. Nc7+ Ke7 19. Nxa8 Rxa8 20. Qc7+ Kf8 21.
Rxd6 Ne8 22. Qb7 Nxd6 23. Qxa8+ Ke7 24. Rd1 Nd2+ 25. Ka1 N6xe4 26. Re1 b4 27.
f3 f5 28. Bxf5 b3 29. Bxe4 bxc2 30. Bxc2+ Kf6 31. Qd5 g6 32. Re6+ Kg7 33. Qd7+
Kg8 34. Rf6 Bg7 35. Rf7 Bf8 36. Qe8 1-0

[Event "Tournoi Skype 031B"]
[Site "Skype"]
[Date "????.??.??"]
[Round "7.39"]
[White "Yepez, German"]
[Black "Abate, Luigi"]
[Result "1-0"]
[WhiteElo "1171"]
[BlackElo "1066"]
[PlyCount "47"]

1. e4 e5 2. Nf3 Nc6 3. Bc4 f6 4. d4 d6 5. dxe5 fxe5 6. Ng5 Nh6 7. Qf3 Qe7 8.
Nc3 Nd4 9. Qd3 c6 10. Ne2 c5 11. c3 Nc6 12. a3 Bd7 13. O-O Bg4 14. f4 g6 15.
Ng3 Nd8 16. f5 Kd7 17. h3 Bh5 18. f6 Qe8 19. Qd5 Rb8 20. Nxh5 gxh5 21. Be3 Rg8
22. f7 Nhxf7 23. Nxf7 Ne6 24. Bb5+ 1-0

[Event "Tournoi Skype 031B"]
[Site "Skype"]
[Date "????.??.??"]
[Round "7.41"]
[White "Achicanoy, Yolanda"]
[Black "Rivalta, Paolo"]
[Result "0-1"]
[WhiteElo "1000"]
[BlackElo "1143"]
[PlyCount "78"]

1. e4 c6 2. Nf3 d5 3. e5 Bg4 4. Be2 Nd7 5. Nc3 Bxf3 6. Bxf3 Nxe5 7. Be2 Nf6 8.
d4 Ned7 9. O-O e6 10. Bf4 Bb4 11. Na4 O-O 12. a3 Ba5 13. b4 Bc7 14. Qd2 Re8 15.
Rfe1 Ne4 16. Qe3 e5 17. dxe5 Nxe5 18. f3 b5 19. Nb2 Bb6 20. fxe4 Bxe3+ 21. Bxe3
dxe4 22. Nd1 Qf6 23. Rf1 Nf3+ 24. Bxf3 Qxa1 25. Bg4 Rad8 26. h3 Qxa3 27. c3 Qa2
28. Rf2 Qd5 29. Rf1 Rf8 30. h4 f5 31. Bh5 f4 32. Bxa7 Qxh5 33. Nf2 Qxh4 34.
Nxe4 Qg4 35. Kh2 f3 36. gxf3 Rxf3 37. Rxf3 Qxf3 38. Ng5 Qf4+ 39. Kh3 Qxg5 0-1

[Event "Tournoi Skype 031B"]
[Site "Skype"]
[Date "????.??.??"]
[Round "7.43"]
[White "Milanese, Serge"]
[Black "Santa Cruz, Oscar Ruben"]
[Result "1-0"]
[WhiteElo "1202"]
[BlackElo "1000"]
[PlyCount "55"]

1. d4 d5 2. c4 e6 3. Nc3 Nf6 4. g3 Bb4 5. Bd2 O-O 6. Nf3 c5 7. e3 cxd4 8. exd4
Re8 9. Bg2 Nc6 10. O-O Bd7 11. c5 Qc7 12. Nb5 Qd8 13. Bxb4 a6 14. Nd6 Ne4 15.
Nxe8 Bxe8 16. Bd2 Nxd2 17. Qxd2 Qa5 18. Qe3 Rc8 19. a3 Nb8 20. Ng5 Nd7 21. Bh3
Nxc5 22. dxc5 Qxc5 23. Rac1 Qxe3 24. fxe3 f6 25. Bxe6+ Kf8 26. Nxh7+ Ke7 27.
Bxc8 Bh5 28. Rc7+ 1-0

[Event "Tournoi Skype 031B"]
[Site "Skype"]
[Date "????.??.??"]
[Round "7.44"]
[White "Marroquin Mayhua, Silvia"]
[Black "Trapletti, Cosetta"]
[Result "1-0"]
[WhiteElo "1000"]
[BlackElo "1138"]
[PlyCount "73"]

1. Nf3 d5 2. d4 Nf6 3. Bf4 e6 4. Nbd2 c5 5. e3 Bd7 6. h3 Be7 7. g4 Nc6 8. Bg2
h5 9. g5 Ne4 10. Nxe4 dxe4 11. Nd2 f6 12. Nxe4 fxg5 13. Bd6 c4 14. c3 Qb6 15.
Rb1 Rf8 16. O-O e5 17. Qxh5+ Rf7 18. Nxg5 O-O-O 19. Nxf7 Rg8 20. Bxe5 Qd8 21.
Nxd8 Nxd8 22. d5 g6 23. Qe2 Bb4 24. Qxc4+ Nc6 25. cxb4 a6 26. dxc6 Be6 27.
Qxe6+ Kd8 28. cxb7 Re8 29. Qf6+ Kd7 30. Bd6 a5 31. a3 axb4 32. axb4 g5 33. Qxg5
Rb8 34. Bxb8 Ke6 35. Bd5+ Kd7 36. Qg7+ Kd8 37. Rbc1 1-0

[Event "Tournoi Skype 031B"]
[Site "Skype"]
[Date "????.??.??"]
[Round "7.46"]
[White "Ortis, Yves"]
[Black "Schuh, David"]
[Result "0-1"]
[WhiteElo "1147"]
[BlackElo "1052"]
[PlyCount "33"]

1. d4 d5 2. Bf4 Nf6 3. Nf3 Bg4 4. h3 Bxf3 5. exf3 e6 6. Bd3 Be7 7. Nd2 c5 8. c3
Nbd7 9. Qc2 Rc8 10. O-O cxd4 11. cxd4 Rxc2 12. Bxc2 Qc8 13. Rac1 O-O 14. Rfe1
Bb4 15. a3 Bxd2 16. Bxd2 Re8 17. Bb1 0-1

[Event "Tournoi Skype 031B"]
[Site "Skype"]
[Date "????.??.??"]
[Round "7.47"]
[White "Bondone, Silvestre"]
[Black "Borg, Anthony"]
[Result "0-1"]
[WhiteElo "1000"]
[BlackElo "1297"]
[PlyCount "90"]

1. d4 c6 2. c3 Nf6 3. e3 d5 4. Nf3 Bf5 5. Ne5 Ne4 6. f3 Nf6 7. f4 Ne4 8. Qh5 g6
9. Qf3 Nd7 10. Nd3 Qc7 11. h3 h6 12. g4 Be6 13. Na3 Ndf6 14. b3 h5 15. Be2 hxg4
16. Qf1 gxh3 17. Nc2 O-O-O 18. Ba3 Bf5 19. Bf3 Ng3 20. Qg1 Nxh1 21. Bxh1 Bxd3
22. Nb4 Bf5 23. Bc1 e6 24. Bd2 Bxb4 25. cxb4 b5 26. a4 bxa4 27. Rxa4 Kd7 28.
Bf3 Rb8 29. Qf1 Rb6 30. Qg1 Bc2 31. Ra3 Bf5 32. Kf2 Ne4+ 33. Ke2 Nxd2 34. Kxd2
Rb7 35. Qg5 Rbb8 36. Qf6 Rbf8 37. Qe5 Qxe5 38. fxe5 Ra8 39. b5 cxb5 40. Be2 a6
41. b4 Kc6 42. Rc3+ Kb6 43. Rc5 h2 44. Rc1 h1=Q 45. Rxh1 Rxh1 0-1

[Event "Tournoi Skype 031B"]
[Site "Skype"]
[Date "????.??.??"]
[Round "7.49"]
[White "Gagnon, Sindy"]
[Black "Chamorro Cajina, Ivan Antonio"]
[Result "0-1"]
[WhiteElo "1000"]
[BlackElo "1045"]
[PlyCount "46"]

1. e4 e5 2. c4 b6 3. d3 Bb7 4. Nf3 d6 5. d4 Nd7 6. dxe5 dxe5 7. b4 Bxe4 8. Nbd2
Bf5 9. Bb2 e4 10. Nd4 Qf6 11. N2b3 Bxb4+ 12. Nd2 Nh6 13. Nc2 Qxb2 14. Nxb4 Qxb4
15. Be2 O-O-O 16. a3 Qe7 17. O-O Ne5 18. g3 Bg4 19. Qb3 Rxd2 20. f3 Rxe2 21.
fxg4 Nhxg4 22. Qa4 Nf3+ 23. Kh1 Rxh2# 0-1

[Event "Tournoi Skype 031B"]
[Site "Skype"]
[Date "????.??.??"]
[Round "7.50"]
[White "Hernandez, Ivan"]
[Black "Bosetti, Giancarlo"]
[Result "1/2-1/2"]
[WhiteElo "1016"]
[BlackElo "1000"]
[PlyCount "80"]

1. e4 e5 2. Bc4 Nf6 3. d3 Be7 4. Nc3 O-O 5. Be3 d6 6. Qd2 Ng4 7. O-O-O Nxe3 8.
Qxe3 Nc6 9. Nge2 Bg4 10. f3 Bf6 11. fxg4 Bg5 12. Bxf7+ Rxf7 13. Qxg5 Qxg5+ 14.
Kb1 Qxg4 15. g3 Nd4 16. Nxd4 exd4 17. Nd5 c6 18. Nf4 Re8 19. a4 d5 20. exd5
cxd5 21. Nxd5 Re2 22. a5 Rxh2 23. Rxh2 Qxd1+ 24. Ka2 Qf3 25. c4 Qxd5 26. cxd5
h6 27. Re2 Kf8 28. Re4 Rd7 29. Rxd4 Ke7 30. Re4+ Kd6 31. Re6+ Kxd5 32. Re8 Kd4
33. b4 Kxd3 34. Kb2 Kc4 35. Ka3 Rd3+ 36. Ka4 b6 37. Rc8+ Kd5 38. axb6 axb6 39.
Kb5 Rd4 40. Rd8+ Ke5 1/2-1/2

[Event "Tournoi Skype 031B"]
[Site "Skype"]
[Date "????.??.??"]
[Round "7.51"]
[White "Grib, Jessica"]
[Black "Cassano, Mariangela"]
[Result "1-0"]
[WhiteElo "1012"]
[BlackElo "1000"]
[PlyCount "87"]

1. e4 e5 2. Nf3 Nf6 3. Nc3 Be7 4. Nxe5 d6 5. Nf3 h6 6. d4 b6 7. Bd3 c5 8. Bb5+
Bd7 9. Qe2 O-O 10. e5 Ne8 11. Qe4 d5 12. Qxd5 Nc7 13. Qb3 Be6 14. Bc4 Nc6 15.
a3 cxd4 16. Ne2 a6 17. Qxb6 Na7 18. Nexd4 Bxc4 19. b3 Bb5 20. a4 Bc6 21. Nxc6
Nxc6 22. Qxc6 Bb4+ 23. Nd2 Qe7 24. f4 Ra7 25. Qe4 f5 26. Qc4+ Ne6 27. O-O Rf7
28. Qc8+ Kh7 29. Nf3 Nxf4 30. Bxf4 Bc3 31. Rad1 g5 32. Be3 Rc7 33. Qxa6 Bxe5
34. g3 f4 35. Qd3+ Rf5 36. Qxf5+ Kg8 37. Qg6+ Kf8 38. Qxh6+ Kg8 39. Qg6+ Kf8
40. Qh6+ Kf7 41. Nxg5+ Kg8 42. Qg6+ Kf8 43. Ne6+ Qxe6 44. Qxe6 1-0

[Event "Tournoi Skype 031B"]
[Site "Skype"]
[Date "????.??.??"]
[Round "7.53"]
[White "Lai, Mattia"]
[Black "Alcaraz Acosta, Luisa Montserrat"]
[Result "0-1"]
[WhiteElo "1000"]
[BlackElo "1000"]
[PlyCount "71"]

1. d4 c6 2. Bf4 d5 3. e3 Bf5 4. Nf3 Nf6 5. Nbd2 Nbd7 6. Be2 Ne4 7. Nxe4 dxe4 8.
Ng5 c5 9. Bh5 g6 10. Be2 e5 11. dxe5 Bg7 12. e6 Qa5+ 13. c3 fxe6 14. O-O O-O-O
15. Nxe6 Bxe6 16. Qd6 Bf5 17. Qc7+ Qxc7 18. Bxc7 Kxc7 19. b4 Bxc3 20. Rac1 Bxb4
21. f3 Rhe8 22. g4 Be6 23. fxe4 Bxa2 24. Bd3 Ne5 25. Bb5 Re7 26. Ra1 Rd2 27.
Rf6 Kc8 28. Rf8+ Kc7 29. Raf1 Be6 30. h3 c4 31. R1f6 Bc5 32. Rxe6 Rxe6 33. Rh8
Bxe3+ 34. Kf1 Rf2+ 35. Ke1 Nd3+ 36. Kd1 0-1

[Event "Tournoi Skype 031B"]
[Site "Skype"]
[Date "????.??.??"]
[Round "7.54"]
[White "Micocci, Lucia"]
[Black "Baratta, Giuseppe"]
[Result "0-1"]
[WhiteElo "1000"]
[BlackElo "1000"]
[PlyCount "46"]

1. e4 e5 2. Nf3 Nc6 3. Nc3 Bc5 4. Bc4 d6 5. d3 Nge7 6. O-O O-O 7. h3 Ng6 8. Nd5
Be6 9. d4 exd4 10. Nxd4 Nxd4 11. c3 Nc6 12. Re1 Nce7 13. Nxe7+ Nxe7 14. Bd3 c6
15. c4 Qb6 16. b3 Bxf2+ 17. Kf1 Bxe1 18. Qxe1 Ng6 19. Bb2 Nf4 20. Qg3 f6 21.
Qxf4 c5 22. e5 fxe5 23. Bxe5 Rxf4+ 0-1

[Event "Tournoi Skype 031B"]
[Site "Skype"]
[Date "????.??.??"]
[Round "7.55"]
[White "Ricord, Gerardo"]
[Black "Bolanos Ocampo, Sandra"]
[Result "0-1"]
[WhiteElo "1000"]
[BlackElo "1000"]
[PlyCount "56"]

1. e4 e5 2. Nf3 Nc6 3. Bc4 Nf6 4. Nc3 d6 5. Ng5 Be6 6. Nxe6 fxe6 7. Bxe6 Qe7 8.
Bc4 Nd4 9. O-O g6 10. d3 g5 11. Bxg5 Qg7 12. Qd2 h6 13. Be3 Qg4 14. Bb5+ Nd7
15. Ba4 Nf3+ 16. Kh1 Nxd2 17. Bxd2 O-O-O 18. Nb5 Kb8 19. Be3 b6 20. c4 Rg8 21.
g3 h5 22. h3 Qf3+ 23. Kg1 h4 24. Rfe1 hxg3 25. Kf1 gxf2 26. Bxf2 Bh6 27. Bd1
Qxd3+ 28. Be2 Qxh3# 0-1

[Event "Tournoi Skype 031B"]
[Site "Skype"]
[Date "????.??.??"]
[Round "7.56"]
[White "Alverson, Ginny"]
[Black "Farfallini, Michel"]
[Result "0-1"]
[WhiteElo "1000"]
[BlackElo "1446"]
[PlyCount "62"]

1. Nf3 d5 2. d4 Bf5 3. e3 Nf6 4. Bd3 Bg6 5. O-O e6 6. Nc3 a6 7. Ne5 Bh5 8. Be2
g6 9. Bxh5 Nxh5 10. Ng4 Nd7 11. Qf3 Nhf6 12. a3 c6 13. Ne5 Nxe5 14. dxe5 Nd7
15. b4 Nxe5 16. Qg3 Bg7 17. Ne2 Nf3+ 18. gxf3 Bxa1 19. Nf4 Bg7 20. e4 e5 21.
Nxd5 cxd5 22. exd5 Qxd5 23. Bg5 O-O 24. Be7 Rfe8 25. Bh4 Rac8 26. f4 Rxc2 27.
fxe5 Rxe5 28. f4 Ree2 29. Qg4 Rg2+ 30. Kh1 Rxg4+ 31. Rf3 Qxf3# 0-1

[Event "Tournoi Skype 031B"]
[Site "Skype"]
[Date "????.??.??"]
[Round "7.59"]
[White "Schllosser, Marcos Antonio"]
[Black "Molina, Maria Lucia"]
[Result "0-1"]
[WhiteElo "1000"]
[BlackElo "1000"]
[PlyCount "64"]

1. e4 e5 2. Nf3 Nc6 3. Bc4 h6 4. h3 Nf6 5. d3 Bc5 6. O-O O-O 7. Nbd2 Bb6 8. Re1
d6 9. c3 Re8 10. d4 exd4 11. cxd4 Na5 12. Bb5 c6 13. Ba4 Be6 14. d5 Bd7 15. e5
Nxd5 16. e6 fxe6 17. b3 Rf8 18. Ba3 c5 19. Bxd7 Qxd7 20. Ne4 Rf7 21. Rc1 g5 22.
Bb2 Qe8 23. Nxd6 Qe7 24. Nxf7 Qxf7 25. a3 Nf4 26. g3 Nxh3+ 27. Kg2 g4 28. Ng5
Nxg5 29. Qxg4 Rd8 30. b4 Rd2 31. bxa5 Qxf2+ 32. Kh1 Qg2# 0-1

[Event "Tournoi Skype 031B"]
[Site "Skype"]
[Date "????.??.??"]
[Round "8.1"]
[White "Raut, Suryakant"]
[Black "Pirola, Gabriele"]
[Result "1-0"]
[WhiteElo "1249"]
[BlackElo "1196"]
[PlyCount "23"]

1. e4 e5 2. Nf3 Nc6 3. Bc4 Bc5 4. c3 a6 5. O-O Nf6 6. d4 Ba7 7. dxe5 Ng4 8.
Bxf7+ Kxf7 9. Ng5+ Kg6 10. Qxg4 Nxe5 11. Qf5+ Kh6 12. Nf7# 1-0

[Event "Tournoi Skype 031B"]
[Site "Skype"]
[Date "????.??.??"]
[Round "8.2"]
[White "Nicolini, Francesco"]
[Black "Sosa, Juan Carlos"]
[Result "1-0"]
[WhiteElo "1165"]
[BlackElo "1199"]
[PlyCount "111"]

1. e4 e5 2. Nf3 Nc6 3. Bc4 Be7 4. d4 d6 5. Nc3 Nf6 6. O-O O-O 7. Re1 Bg4 8.
dxe5 Nxe5 9. Be2 Nxf3+ 10. Bxf3 Bxf3 11. Qxf3 h6 12. Bf4 Nd7 13. Nd5 Bg5 14.
Bxg5 Qxg5 15. c3 Ne5 16. Qe2 c6 17. f4 Qd8 18. fxe5 cxd5 19. exd5 Re8 20. b3
Rxe5 21. Qf3 Rxe1+ 22. Rxe1 Rc8 23. Qe3 Qb6 24. Qxb6 axb6 25. Re7 Rxc3 26. Rxb7
Rd3 27. Rxb6 Rxd5 28. a4 Kf8 29. b4 Ke7 30. a5 Rd1+ 31. Kf2 Ra1 32. a6 Ke6 33.
b5 Kd5 34. Rb7 Kc5 35. a7 Ra2+ 36. Kg3 g5 37. b6 Kc6 38. Rb8 Ra3+ 39. Kg4 Ra4+
40. Kh5 d5 41. a8=Q+ Rxa8 42. Rxa8 Kxb6 43. Kg4 d4 44. Kf3 Kc5 45. Ke2 Kc4 46.
Rc8+ Kd5 47. Kd3 Ke5 48. Rh8 Kf4 49. Rxh6 g4 50. Rf6+ Kg5 51. Rxf7 g3 52. h3
Kg6 53. Rf3 Kg5 54. Rxg3+ Kf4 55. Rg4+ Kf5 56. Kxd4 1-0

[Event "Tournoi Skype 031B"]
[Site "Skype"]
[Date "????.??.??"]
[Round "8.3"]
[White "Franco Flores, Ximena"]
[Black "De Nobrega, George"]
[Result "1-0"]
[WhiteElo "1074"]
[BlackElo "1181"]
[PlyCount "51"]

1. e4 e5 2. Nf3 Nc6 3. d4 exd4 4. Nxd4 Nxd4 5. Qxd4 d6 6. Bc4 h6 7. Nc3 Nf6 8.
h3 Qe7 9. Be3 Be6 10. O-O-O Bxc4 11. Qxc4 Qd8 12. e5 Nh7 13. e6 fxe6 14. Qxe6+
Qe7 15. Qf5 Qf6 16. Qe4+ Qe7 17. Qxb7 Qd8 18. Rhe1 Be7 19. Qc6+ Kf7 20. Qd5+
Ke8 21. Bd4 Kf8 22. Qf5+ Bf6 23. Nd5 Kf7 24. Nf4 a5 25. Qe6+ Kf8 26. Ng6# 1-0

[Event "Tournoi Skype 031B"]
[Site "Skype"]
[Date "????.??.??"]
[Round "8.4"]
[White "Cockayne, Curtis"]
[Black "Fedeli, Emma"]
[Result "0-1"]
[WhiteElo "1383"]
[BlackElo "1273"]
[PlyCount "52"]

1. d4 d5 2. Nc3 Nf6 3. Bf4 c5 4. Nb5 Qa5+ 5. Nc3 Nc6 6. dxc5 d4 7. Bd2 dxc3 8.
Bxc3 Qxc5 9. Nf3 Ne4 10. Bd4 Nxd4 11. Nxd4 Qb4+ 12. c3 Nxc3 13. Qd3 Qxb2 14.
Nc2 e5 15. e4 Bb4 16. Nxb4 Qxa1+ 17. Kd2 Qb2+ 18. Nc2 Nxa2 19. Ke3 Qc1+ 20. Ke2
O-O 21. Ne3 Be6 22. g3 Rfd8 23. Nd5 Bxd5 24. exd5 Rxd5 25. Bg2 Qb2+ 26. Ke3
Rxd3+ 0-1

[Event "Tournoi Skype 031B"]
[Site "Skype"]
[Date "????.??.??"]
[Round "8.5"]
[White "De Coninck, Philippe"]
[Black "Castanha, Marco"]
[Result "1-0"]
[WhiteElo "1290"]
[BlackElo "1144"]
[PlyCount "97"]

1. e4 e5 2. Nf3 Nc6 3. Bc4 Bc5 4. d3 Nf6 5. Ng5 O-O 6. O-O d5 7. exd5 Nxd5 8.
Qf3 Nf6 9. Nxf7 Rxf7 10. Bxf7+ Kxf7 11. Nc3 Kg8 12. Bg5 Nd4 13. Qd1 Qf8 14.
Bxf6 Qxf6 15. Nd5 Qf7 16. Ne3 b6 17. c3 Nc6 18. a3 Bb7 19. b4 Bd6 20. Qg4 Ne7
21. Nc4 Ng6 22. Nxd6 cxd6 23. Qc4 Bd5 24. Qg4 Nf4 25. g3 Be6 26. Qd1 Nh3+ 27.
Kg2 Rf8 28. Qe2 Qg6 29. Qe4 Bf5 30. Qd5+ Be6 31. Qxd6 Qe4+ 32. dxe4 Bg4 33. f3
Bc8 34. Qxe5 h6 35. Rad1 Ng5 36. Qe7 Bh3+ 37. Kh1 Nf7 38. Rf2 Ng5 39. Rd8 Rxd8
40. Qxd8+ Kh7 41. e5 Ne6 42. Qd3+ Kg8 43. f4 Bg4 44. f5 Ng5 45. e6 Nxe6 46.
fxe6 Bxe6 47. Qd8+ Kh7 48. Qe7 Bd5+ 49. Kg1 1-0

[Event "Tournoi Skype 031B"]
[Site "Skype"]
[Date "????.??.??"]
[Round "8.6"]
[White "Franco, Yolima"]
[Black "Conde, Carmen"]
[Result "0-1"]
[WhiteElo "1495"]
[BlackElo "1206"]
[PlyCount "64"]

1. e4 d6 2. f4 Nc6 3. Nf3 Bg4 4. Be2 h6 5. O-O e6 6. d4 Be7 7. Be3 Nf6 8. e5
dxe5 9. fxe5 Nd5 10. Bf2 a6 11. Nbd2 Qd7 12. a4 g5 13. c3 Nf4 14. Ne4 h5 15.
Nf6+ Bxf6 16. exf6 O-O-O 17. b4 Rdg8 18. b5 Nxe2+ 19. Qxe2 Nb8 20. Rab1 h4 21.
Qc4 Bxf3 22. gxf3 g4 23. fxg4 Rxg4+ 24. Kh1 Rhg8 25. bxa6 Nxa6 26. Rb6 Rf4 27.
Rxa6 Kb8 28. Ra5 e5 29. Rxe5 Qh3 30. Re8+ Rxe8 31. Qb5 Qf3+ 32. Kg1 Rg8+ 0-1

[Event "Tournoi Skype 031B"]
[Site "Skype"]
[Date "????.??.??"]
[Round "8.7"]
[White "Castillo, David"]
[Black "Roberts, Mario"]
[Result "1-0"]
[WhiteElo "1449"]
[BlackElo "1195"]
[PlyCount "57"]

1. f4 d5 2. d4 Nc6 3. Nf3 Bg4 4. h3 Bxf3 5. exf3 e6 6. g3 Be7 7. Be3 Qd6 8. c3
g5 9. Qd2 h6 10. Bb5 O-O-O 11. Bxc6 Qxc6 12. Qc2 gxf4 13. Bxf4 Bd6 14. Bxd6
Qxd6 15. Qf2 Nf6 16. Nd2 h5 17. O-O-O h4 18. g4 Qf4 19. Qh2 Qe3 20. Rhe1 Qd3
21. Qe5 Nd7 22. Qf4 Qa6 23. a3 Rhf8 24. Qg5 Qb5 25. Qxh4 Nb6 26. Qe7 Na4 27.
Qb4 Qa6 28. h4 Rh8 29. h5 1-0

[Event "Tournoi Skype 031B"]
[Site "Skype"]
[Date "????.??.??"]
[Round "8.8"]
[White "Duthoit, Bernard"]
[Black "Quiel, Aristoteles"]
[Result "0-1"]
[WhiteElo "1320"]
[BlackElo "1161"]
[PlyCount "70"]

1. e4 e5 2. Nf3 Nc6 3. Bc4 Bc5 4. d3 Nf6 5. O-O O-O 6. Bg5 d6 7. Nc3 Bg4 8. h3
Be6 9. Bxe6 fxe6 10. Na4 Bb4 11. c3 Ba5 12. b4 Bb6 13. Nxb6 axb6 14. Qb3 d5 15.
exd5 exd5 16. b5 Na5 17. Qd1 Qe8 18. a4 c6 19. Be3 e4 20. Nd4 c5 21. Nb3 Nxb3
22. Qxb3 exd3 23. Rfe1 Qg6 24. c4 d4 25. Bf4 Nh5 26. Bc7 Qf7 27. Bg3 Nxg3 28.
fxg3 Qf2+ 29. Kh2 Rf3 30. Rf1 Qxg3+ 31. Kg1 Rxf1+ 32. Rxf1 Re8 33. Qd1 Re2 34.
a5 Qg6 35. g3 Qxg3+ 0-1

[Event "Tournoi Skype 031B"]
[Site "Skype"]
[Date "????.??.??"]
[Round "8.10"]
[White "Parrales, Rodolfo"]
[Black "Linares Vernet, Ana"]
[Result "1-0"]
[WhiteElo "1220"]
[BlackElo "1142"]
[PlyCount "41"]

1. e4 d5 2. Nf3 dxe4 3. Ng5 Bf5 4. Nc3 Nf6 5. Bc4 e6 6. Qe2 c6 7. Ngxe4 Nxe4 8.
Nxe4 Bxe4 9. Qxe4 Qe7 10. O-O Nd7 11. d4 Nf6 12. Qf3 Qc7 13. Bf4 Bd6 14. Bxd6
Qxd6 15. Rad1 O-O 16. Bd3 Qxd4 17. Bxh7+ Nxh7 18. Rxd4 Nf6 19. Rh4 Rad8 20. Qh3
Rfe8 21. Rh8# 1-0

[Event "Tournoi Skype 031B"]
[Site "Skype"]
[Date "????.??.??"]
[Round "8.11"]
[White "Ruiz Aguilera, Juan Jesus"]
[Black "Gomez Caballero, Blas"]
[Result "0-1"]
[WhiteElo "1116"]
[BlackElo "1215"]
[PlyCount "114"]

1. Nf3 d5 2. d4 Bg4 3. Ne5 Be6 4. e3 a6 5. h3 g6 6. Bd3 Bg7 7. O-O Bxe5 8. dxe5
Nc6 9. f4 Qd7 10. Nc3 Nb4 11. a3 Nxd3 12. Qxd3 Bf5 13. Qxd5 Qxd5 14. Nxd5 O-O-O
15. Nb4 a5 16. e4 Bxe4 17. Na2 Bxc2 18. b4 a4 19. Bb2 e6 20. Rf2 Rd1+ 21. Rxd1
Bxd1 22. Rd2 Bb3 23. Nc3 Ne7 24. Ne4 Rd8 25. Rxd8+ Kxd8 26. Ng5 h5 27. Nxf7+
Ke8 28. Ng5 Nf5 29. Kf2 Bd5 30. Nf3 Bxf3 31. Kxf3 Ne7 32. Ke4 Kd7 33. Bd4 b6
34. b5 Nc8 35. g4 h4 36. f5 g5 37. f6 Na7 38. Be3 Ke8 39. Bxg5 Nxb5 40. Bxh4
Nxa3 41. g5 Nb5 42. g6 Kf8 43. Be1 a3 44. Bb4+ c5 45. g7+ Kf7 46. Bxa3 Nxa3 47.
Kd3 b5 48. Ke4 b4 49. h4 b3 50. h5 b2 51. Kf4 b1=Q 52. Kg5 Qh7 53. Kh4 c4 54.
Kg4 c3 55. Kg5 c2 56. Kg4 c1=Q 57. Kg3 Qg5+ 0-1

[Event "Tournoi Skype 031B"]
[Site "Skype"]
[Date "????.??.??"]
[Round "8.12"]
[White "Malbec, Robert"]
[Black "Scata, Laura"]
[Result "0-1"]
[WhiteElo "1174"]
[BlackElo "1370"]
[PlyCount "40"]

1. e4 c6 2. Bb5 cxb5 3. Nf3 Nc6 4. d4 d5 5. e5 Bf5 6. a3 e6 7. Nc3 b4 8. axb4
Nxb4 9. O-O Nxc2 10. Ra2 Nb4 11. Ra1 Nc6 12. Be3 Qb6 13. Na4 Qc7 14. Qb3 Nge7
15. Rfc1 Bg4 16. Qb5 Bxf3 17. gxf3 a6 18. Qb3 Qd8 19. Qxb7 Qb8 20. Qxc6+ Nxc6
0-1

[Event "Tournoi Skype 031B"]
[Site "Skype"]
[Date "????.??.??"]
[Round "8.13"]
[White "Moumtaz, Abderrahim"]
[Black "Guevara, Lizbeth"]
[Result "1-0"]
[WhiteElo "1279"]
[BlackElo "1129"]
[PlyCount "57"]

1. d4 d5 2. c4 Bf5 3. Qb3 e6 4. Qxb7 Nd7 5. cxd5 Bc5 6. dxc5 Ne7 7. Nc3 Nxc5 8.
Qb5+ Nd7 9. e4 c6 10. Qe2 Bg6 11. Nf3 O-O 12. h4 cxd5 13. exd5 exd5 14. h5 Bf5
15. Ne5 Nf6 16. g4 Be6 17. g5 Ne4 18. Nxe4 dxe4 19. Bg2 Qa5+ 20. Bd2 Qxe5 21.
Bxe4 f5 22. Bxa8 Qd6 23. Bf3 Rb8 24. Bc3 Qb6 25. a3 Nd5 26. Be5 Rc8 27. Rd1 Nc3
28. Bxc3 Rxc3 29. bxc3 1-0

[Event "Tournoi Skype 031B"]
[Site "Skype"]
[Date "????.??.??"]
[Round "8.14"]
[White "Khatanhar, Mohit"]
[Black "Hernandez Monzon, Alejandro"]
[Result "0-1"]
[WhiteElo "1139"]
[BlackElo "1240"]
[PlyCount "78"]

1. e4 e5 2. Nf3 d6 3. d4 Qe7 4. dxe5 dxe5 5. c3 Nf6 6. Bg5 h6 7. Bxf6 gxf6 8.
Nbd2 b6 9. Bb5+ c6 10. Be2 Bb7 11. Qb3 Nd7 12. Qa4 Nc5 13. Qc2 O-O-O 14. O-O-O
Kb8 15. Nh4 Qe6 16. Kb1 a5 17. Nf5 Kc7 18. Bc4 Qe8 19. f3 a4 20. a3 h5 21. Rhe1
b5 22. Bd3 Nxd3 23. Re3 Nc5 24. Re2 Qe6 25. Nf1 Rxd1+ 26. Qxd1 Nd7 27. Rd2 Bc5
28. N1g3 h4 29. Ng7 Qe7 30. N3f5 Qf8 31. h3 Bc8 32. Rd3 Rg8 33. Rd2 Rxg7 34.
Nxg7 Qxg7 35. Kc2 Qf8 36. Qe1 Nb6 37. Qxh4 Nc4 38. Rd3 f5 39. exf5 Bxf5 0-1

[Event "Tournoi Skype 031B"]
[Site "Skype"]
[Date "????.??.??"]
[Round "8.15"]
[White "Pages, Philippe"]
[Black "Battaglia, Gabriele"]
[Result "0-1"]
[WhiteElo "1099"]
[BlackElo "1228"]
[PlyCount "90"]

1. c4 Nf6 2. d4 g6 3. Be3 Bg7 4. Nc3 O-O 5. Nf3 d6 6. Qd2 Re8 7. h3 Bd7 8. Bh6
c5 9. Bxg7 Kxg7 10. d5 b5 11. e3 b4 12. Nd1 Ne4 13. Qe2 e6 14. b3 exd5 15. Qb2+
d4 16. Bd3 Bc6 17. O-O Nd7 18. exd4 Qf6 19. d5 Bb7 20. Qc1 Ne5 21. Bxe4 Nxc4
22. Bxg6 hxg6 23. bxc4 Re7 24. Ne3 Rae8 25. Ng4 Qc3 26. Qh6+ Kg8 27. Rac1 Qg7
28. Qf4 f5 29. Ne3 Qf8 30. Qxd6 Rg7 31. Qxf8+ Rxf8 32. Ng5 Re8 33. Ne6 Rge7 34.
Nxc5 Bc8 35. Nc2 Rc7 36. Ne6 Bxe6 37. dxe6 Rxe6 38. Nd4 Re5 39. Nb5 Rd7 40. c5
Rdd5 41. Rcd1 Rxc5 42. Nxa7 Rc7 43. Rd8+ Kg7 44. Nc8 Re2 45. Re1 Rxe1+ 0-1

[Event "Tournoi Skype 031B"]
[Site "Skype"]
[Date "????.??.??"]
[Round "8.16"]
[White "Bankhede, Shivkumar"]
[Black "Hernandez, Enrique"]
[Result "0-1"]
[WhiteElo "1226"]
[BlackElo "1051"]
[PlyCount "62"]

1. e4 e5 2. Nf3 d6 3. Be2 Nf6 4. d3 a6 5. Nc3 c6 6. O-O Bg4 7. h3 Bh5 8. Be3 d5
9. Nxe5 Bxe2 10. Qxe2 d4 11. Bd2 dxc3 12. Bxc3 Bc5 13. Rad1 Bd4 14. Bxd4 Qxd4
15. Nc4 b5 16. c3 Qc5 17. Na5 Qb6 18. Nb3 c5 19. Qe3 Nc6 20. Nxc5 Nd7 21. Nb3
Qxe3 22. fxe3 O-O 23. Nd2 a5 24. a3 b4 25. axb4 axb4 26. cxb4 Nxb4 27. Nf3 Ra2
28. Rd2 Nc5 29. Ne1 Rd8 30. Kh2 Nxe4 31. dxe4 Rxd2 0-1

[Event "Tournoi Skype 031B"]
[Site "Skype"]
[Date "????.??.??"]
[Round "8.17"]
[White "Nontsikelelo, Yvonne"]
[Black "Le Bouill, Pierre"]
[Result "1-0"]
[WhiteElo "1044"]
[BlackElo "1223"]
[PlyCount "45"]

1. e4 d6 2. Nf3 e5 3. d3 Nf6 4. Be2 Be7 5. h3 h6 6. O-O O-O 7. c3 c6 8. d4 Nh7
9. dxe5 dxe5 10. Qc2 Nd7 11. Rd1 Qc7 12. Be3 b6 13. Nbd2 c5 14. c4 Bb7 15. Bd3
Qd8 16. Nf1 Ng5 17. Nxg5 Bxg5 18. Bxg5 Qxg5 19. Ng3 Rad8 20. Nf5 Qf6 21. Be2
Bc8 22. Rd6 g6 23. Rxf6 1-0